Efekty prílevu priamych zahraničných investícií na hostiteľskú ekonomiku bakalárska práca

Salvato in:
Dettagli Bibliografici
Autore principale: Ďurko, Peter
Ente Autore: Národohospodárska fakulta EU. Katedra ekonómie
Altri autori: Darmo, Ľubomír, 1984-
Natura: Libro
Lingua:slovacco
Pubblicazione: Bratislava 2023
Tags: Aggiungi Tag
Nessun Tag, puoi essere il primo ad aggiungerne!!

MARC

LEADER 00000nbm a2200000 4500
001 0294550
005 20231201130123.2
041 0 |a slo 
044 |a SK 
245 1 0 |a Efekty prílevu priamych zahraničných investícií na hostiteľskú ekonomiku  |b bakalárska práca  |c Peter Ďurko ; školiteľ: Ľubomír Darmo 
264 1 |a Bratislava  |c 2023 
300 |a 44 s. 
100 1 |a Ďurko, Peter 
700 1 |a Darmo, Ľubomír, 1984- 
710 2 |a Národohospodárska fakulta EU. Katedra ekonómie